000
00333pam a2200145 a 4500
020
_c
041
_h
100
_a
NADA SALEH
_e
Author
245
_a
FRESH MOROCCAN
_c
NADA SALEH
_h
Textual Documents
260
_a
londan
_b
Hamlyn Octopus Pub
300
_a
256
653
_a
food Producation
700
_e
Co-Author
930
_a
1784
999
_c
229185
_d
229185